LEADER 01232nam0 22003253i 450 001 CFI0000722 005 20231121125423.0 100 $a20160219d1983 ||||0itac50 ba 101 | $aita$cita 102 $ait 181 1$6z01$ai $bxxxe 182 1$6z01$an 200 1 $aLessing e Plauto$fGioachino Chiarini 210 $aNapoli$cLiguori$d1983 215 $a168 p.$d21 cm. 225 | $aForme materiali e ideologie del mondo antico$v22 410 0$1001RAV0173893$12001 $aForme materiali e ideologie del mondo antico$v22 500 10$aLessing e Plauto$3TSA1782352$9CFIV000479$9872292 606 $aLessing, Gotthold Ephraim$2FIR$3RMLC064901$9I 676 $a832.6$9Letteratura drammatica tedesca, 1750-1830$v21 700 1$aChiarini$b, Gioachino$3CFIV000479$4070$0187282 790 1$aChiarini$b, Gioacchino$3BVEV015171$zChiarini, Gioachino 801 3$aIT$bIT-01$c20160219 850 $aIT-FR0017 899 $aBiblioteca umanistica Giorgio Aprea$bFR0017 $eN 912 $aCFI0000722 950 0$aBiblioteca umanistica Giorgio Aprea$d 52MAG 6/13$e 52MAG0000142945 VMB RS $fA $h20200915$i20200915 977 $a 52 996 $aLessing e Plauto$9872292 997 $aUNICAS